000 00520nam a2200193Ia 4500
005 20230919093228.0
008 131103s9999 xx 000 0 und d
040 _aLoreto College
041 _aEnglish
082 _a264
_bFLO
100 _aFlood, Edmund
245 _aFrom Advent To Lent
_b the Sunday Epistles and Gospels
_cEdmund Flood
260 _aLondon
_bDarton, Longman & Todd Ltd
_c1965
300 _a123p
650 _aChristian religion
651 _apublic worship
850 _aLCLIB
942 _cBK
999 _c24515
_d74994